000 00471nam a22001697a 4500
005 20231129143333.0
008 231129b |||||||| |||| 00| 0 eng d
020 _a0869906755
041 _aAfrikaans
082 _a340.02 POT
100 _lAfrikaans
245 _aPotchefstroomse Universiteit vir Christelike hoer Onderwysers
260 _c1979
300 _b215 pages ;
_c22 cm.
650 _aLegal practice
_bLaw
942 _cBK
_6ALISON_BN_VRIES
999 _c1061
_d1061